Obálka Náhled e-knihy:
PDF Epub
Pro půjčování e-knih musíte být přihlášeni.
Jak si půjčit online?

Dcéra zimy /

Keď všetkými obávaná Morena zachráni svoju sestru Vesnu pred popravou, prvý raz za celé veky má nádej na zlomenie kliatby. Na prahu dospelosti ich totiž uväznili vo svete živých. Morena sa stala nesmrteľnou a Vesna uviazla v beznádejnom kolobehu – vždy v najkratší deň roka umrie a následne sa znovuz...

Celý popis

Uloženo v:
Hlavní autor: Šebová, Vladimíra (Autor)
Médium: E-kniha
Jazyk:Czech
Vydáno: Praha : Albatros Media Slovakia s.r.o., 2021
Tagy:
Žádné tagy
LEADER 01518nam a22002297i 4500
001 311396
007 ta
008 260601s2021 xr ||||| |||| 00| 0 cze d
020 |a 9788056623237 
044 |a xr 
100 1 |a  Šebová, Vladimíra  |4 aut 
245 1 0 |a Dcéra zimy /  |c  Šebová, Vladimíra 
264 1 |a Praha :  |b Albatros Media Slovakia s.r.o.,  |c 2021 
300 |a 1 online zdroj (352 stran) 
336 |a text  |b txt  |2 rdacontent 
337 |a bez média  |b n  |2 rdamedia 
338 |a online zdroj  |b cr  |2 rdacarrier 
520 2 |a Keď všetkými obávaná Morena zachráni svoju sestru Vesnu pred popravou, prvý raz za celé veky má nádej na zlomenie kliatby. Na prahu dospelosti ich totiž uväznili vo svete živých. Morena sa stala nesmrteľnou a Vesna uviazla v beznádejnom kolobehu – vždy v najkratší deň roka umrie a následne sa znovuzrodí. Kým postupne odhaľujú tajomstvo, ktoré sa skrýva za ich prekliatym osudom, musia čeliť nielen samotnému vládcovi podsvetia a bájnym príšerám, ale aj obyčajnej ľudskej zlobe a vlastnej minulosti.  
910 |a RBIT002 
998 |d 334362  |a https://core.palmknihy.cz/api/books/334362/cover?sgozov  |b https://core.palmknihy.cz/api/books/334362/cover/400?sgozov  |c https://core.palmknihy.cz/api/books/334362/cover/50?sgozov  |e 2033-12-31  |g 352  |i 9788056623237  |j https://core.palmknihy.cz/api/books/334362/preview.epub  |k https://core.palmknihy.cz/api/books/334362/preview.pdf  |l   |q 49  |r 1  |s https://www.palmknihy.cz/kniha/334362  |t ebook  |y 2021  |z 1 
999 |d 311394